书目信息 |
| 题名: |
追寻历史:一个记者和他的20世纪
|
|
| 作者: | 怀特 著 ;石雨晴 , 柯育辰 译 | |
| 分册: | ||
| 出版信息: | 北京 中信出版集团股份有限公司 2017.10 |
|
| 页数: | 623页 | |
| 开本: | 21cm | |
| 丛书名: | ||
| 单 册: | ||
| 中图分类: | I712.55 , I712.53 | |
| 科图分类: | ||
| 主题词: | 回忆录--美国--现代 | |
| 电子资源: | ||
| ISBN: | 978-7-5086-7822-1 | |
| 000 | 01236nam0 2200265 450 | |
| 001 | 422 | |
| 005 | 20180922112055.11 | |
| 010 | @a978-7-5086-7822-1@b精装@dCNY88.00 | |
| 100 | @a20171222d2017 em y0chiy50 ea | |
| 101 | 1 | @achi@ceng |
| 102 | @aCN@b110000 | |
| 105 | @ay z 000yd | |
| 200 | 1 | @a追寻历史:一个记者和他的20世纪@Azhui xun li shi:yi ge ji zhe he ta de 20 shi ji@9zhui xun li shi@e一个记者和他的20世纪@dIn search of history@ea personal adventure@f(美)白修德(Theodore Harold White)著@g石雨晴,柯育辰译@zeng |
| 210 | @a北京@c中信出版集团股份有限公司@d2017.10 | |
| 215 | @a623页@d21cm | |
| 330 | @a本书为美国记者白修德的回忆录,作者描述了自己跌宕起伏的一生。从波士顿的童年,到哈佛大学的校园,再到中国的抗日战争,到战后欧洲的经济复兴和政治博弈,到六七十年代的美国总统竞选和肯尼迪家族的悲剧,作者见证并记录了20世纪的重要时段、事件、人物,以及自己身在其中的感受和思考。 | |
| 510 | 1 | @aIn search of history@ea personal adventure@zeng |
| 606 | 0 | @a回忆录@y美国@z现代 |
| 690 | @aI712.55@v5 | |
| 690 | @aI712.53@v4 | |
| 701 | 0 | @c(美)@a怀特@c(White, Theodore H.@f1915-1986)@4著 |
| 702 | 0 | @a石雨晴@9shi yu qing@4译 |
| 702 | 0 | @a柯育辰@9ke yu chen@4译 |
| 801 | 0 | @aCN@b91MARC@c20171222 |
| 905 | @aMuseLib@dI712.53@e1161 | |
| 追寻历史:一个记者和他的20世纪:一个记者和他的20世纪=In search of history:a personal adventure/(美)白修德(Theodore Harold White)著/石雨晴,柯育辰译.-北京:中信出版集团股份有限公司,2017.10 |
| 623页;21cm |
| ISBN 978-7-5086-7822-1(精装):CNY88.00 |
| 本书为美国记者白修德的回忆录,作者描述了自己跌宕起伏的一生。从波士顿的童年,到哈佛大学的校园,再到中国的抗日战争,到战后欧洲的经济复兴和政治博弈,到六七十年代的美国总统竞选和肯尼迪家族的悲剧,作者见证并记录了20世纪的重要时段、事件、人物,以及自己身在其中的感受和思考。 |
| ● |
| 相关链接 |
|
|
|
|
正题名:追寻历史:一个记者和他的20世纪
索取号:I712.53/1161
 
预约/预借
| 序号 | 登录号 | 条形码 | 馆藏地/架位号 | 状态 | 备注 |
| 1 | 1119804 | 211198041 | 第一样本阅览室/ [索取号:I712.53/1161] | 在馆 | |
| 2 | 1119805 | 211198050 | 第二借阅区/ [索取号:I712.53/1161] | 在馆 | |
| 3 | 1119806 | 211198069 | 第二借阅区/ [索取号:I712.53/1161] | 在馆 | |
| 4 | 1119807 | 211198078 | 第二借阅区/ [索取号:I712.53/1161] | 在馆 | |
| 5 | 1119808 | 211198087 | 第二借阅区/ [索取号:I712.53/1161] | 在馆 |